| 000 | 00742ngm a2200193 i 4500 | ||
|---|---|---|---|
| 001 | bg | ||
| 245 | 0 | 0 |
_aPilarka spalinowa : _bbudowa i działanie / _cCentrum Informacyjne Lasów Państwowych. |
| 260 |
_aAndrespol : _bLeśne Studio Filmowe ORWLP w Bedoniu, _c2001. |
||
| 300 |
_a1 kas. wiz. (32 min) : _bdźw., kolor. |
||
| 650 | 9 |
_aPilarki _xbudowa i eksploatacja |
|
| 655 | _aDokumenty audiowizualne | ||
| 710 | 0 | _aCentrum Informacyjne Lasów Państwowych | |
| 040 | _cBPK | ||
| 041 | 0 | _apol | |
| 080 | _a630.38(086.8) | ||
| 942 | _cTW | ||
| 008 | s pl f |000 0 pol | ||
| 999 |
_c35276 _d35276 |
||
| 856 |
_uhttp://koha.tu.koszalin.pl/cgi-bin/koha/opac-detail.pl?biblionumber=35276 _yKatalog online BPK |
||